000 00302pam a2200133 a 4500
020 _c
041 _h
082 _a614
_bWHO
100 _aWHO.
245 _aInternational travel and health
_hTextual Documents
260 _a[s.l]:
_bWorld Health Organization ,
_c2011.
300 _a254.
930 _a9757
999 _c9750
_d9750